Normal view
MARC view
- RYAN, D.L
Entry Personal Name
001 - CONTROL NUMBER
- control field: 75349
003 - CONTROL NUMBER IDENTIFIER
- control field: NUST
005 - DATE AND TIME OF LATEST TRANSACTION
- control field: 20210628205409.0
008 - FIXED-LENGTH DATA ELEMENTS
- fixed length control field: 210628|| aca||aabn | a|a d
040 ## - CATALOGING SOURCE
- Original cataloging agency: NUST
- Transcribing agency: NUST
100 ## - HEADING--PERSONAL NAME
- Personal name: RYAN, D.L
670 ## - SOURCE DATA FOUND
- Source citation: Work cat.: (NUST): RYAN, D.L, COMPUTER AIDED KINETICS FOR MACHINE DESIGN, 1981
